000 01004cam a22003015i 4500
001 17860488
005 20201128021152.0
008 130821t2014 xxua frb 001 0 eng d
010 _a2013427630
020 _a9780132857949
020 _a0132857944
040 _aDLC
_beng
_cDLC
_dEG-ScBUE
082 0 0 _222
_a621.3824
_bNOT
100 1 _aNotaros, Branislav M.
_937049
245 1 0 _aMATLAB-based electromagnetics /
_cBranislav M. Notaros.
260 _aUpper Saddle River, United States :
_bPearson Education,
_cc.2014.
300 _a[Various pagings] :
_bill. ;
_c26 cm.
500 _aIncludes appendixes.
500 _aIncludes index.
504 _aIncludes bibliographical references.
630 0 0 _aMATLAB
_9826
650 0 _aElectromagnetism
_xMathematical models
_927657
650 0 _aElectromagnetism
_xData processing
_937050
650 0 _aElectromagnetic theory
_xComputer programs
_937051
653 _bENGELC
_cJanuary2015
655 _vreading book
_934232
942 _2ddc
_k621.3824 NOT
999 _c18826
_d18798